02327cam a2200325 i 450000100090000000300050000900500170001400800410003101000170007202000430008902000390013203500200017104000280019104200080021905000240022706000110025108200120026224506630027425000170093726000400095430000590099450000510105350507050110465000300180965000320183965000310187170000320190270000370193470000300197118062615PILC20160523153833.0140305t20142014nyua b 001 0 eng  a 2014008798 a9780071747509 (hardcover : alk. paper) a0071747508 (hardcover : alk paper) a(DNLM)101627434 aDNLM/DLCcDLCerdadDLC apcc00aRS 403b.Ap676 201410aQV 77800a615/.1900aApplied physical pharmacy /ceditors, Mansoor M. Amiji, PhD, RPh, Distinguished Professor and Chairman, Department of Pharmaceutical Sciences, Director, Laboratory of Biomaterials and Advanced Nano-Delivery Systems (BANDS), School of Pharmacy, Bouve College of Health Sciences, Northeastern University, Boston, Massachusetts, Thomas J. Cook, PhD, RPh, Director of Program Assessment, Associate Professor, Department of Pharmaceutical and Biomedical Sciences Touro College of Pharmacy, New York, New York, W. Cary Mobley, PhD, RPh, Clinical Associate Professor, Department of Pharmaceuticals, University of Florida, College of Pharmacy, Gainesville, Florida. a2nd edition. aPhilippines : bMcGraw-Hill,c2014. axii, 270 pages :billustrations (some color) ;c25 cm. aIncludes bibliographical references and index.0 aStates of matter related to pharmacuetical formulations / Beverly J. Sandmann, Ann Newman, and Gregory T. Knipp -- Physical properties of solutions / Beverly Sandmann, Antoine Al-Achi, Robert Greenwood -- Ionic equilibrium and buffers / Beverly Sandmann, Alekha K. Dash, Antoine Al-Achi, Robert Greenwood -- Solubility, dissolution, and partitioning/ Beverly J. Sandmann and Mansoor M. Amiji -- Mass transport / Mansoor M. Amiji -- Complexation and protein binding / Mansoor M. Amiji -- Dispersed systems / W. Cary Mobley -- Interfacial phenomena / Maria Polikandritou Lambros and SHihong Li Nocolaou -- Rheology / Maria Polikandritou Lambros -- Chemical kinetics of pharmaceuticals / Thomas J. Cook. 0aPharmaceutical chemistry.12aTechnology, Pharmaceutical.22aChemistry, Pharmaceutical.1 aAmiji, Mansoor M.,eeditor.1 aCook, Thomas J.,d1965-eeditor.1 aMobley, W. Cary,eeditor.